[Event "Jam Bushehr Sepehrmanesh Memorial"]
[Site "Jam Bushehr"]
[Date "2018.04.12"]
[Round "3.3"]
[White "Sharifi, Mehdi"]
[Black "Khazaei, Asadollah"]
[Result "0-1"]
[WhiteElo "1603"]
[BlackElo "1860"]
[PlyCount "70"]
[EventDate "2018.04.12"]
[EventType "swiss"]
[EventRounds "9"]
[EventCountry "IRI"]
[SourceTitle "EXT 2024"]
[Source "ChessBase"]
[SourceDate "2023.10.10"]
[SourceVersion "1"]
[SourceVersionDate "2023.10.10"]
[SourceQuality "1"]

1. e4 c5 2. Nf3 g6 3. Bc4 Bg7 4. Nc3 Nc6 5. d3 Nf6 6. 0-0 d6 7. h3 a6 8. a4 0-0 9. Nd5 Nxd5 10. Bxd5 e6 11. Bb3 Qb6 12. c3 Bd7 13. Bc2 d5 14. Nd2 Rfd8 15. Qe2 Rac8 16. Kh1 Qc7 17. f4 dxe4 18. dxe4 b5 19. axb5 axb5 20. f5 exf5 21. exf5 b4 22. fxg6 hxg6 23. Bb3 Be8 24. cxb4 Nd4 25. Qc4 Nxb3 26. Qxb3 Rb8 27. Nf3 Rxb4 28. Qc2 Rdb8 29. Rb1 Bd7 30. Qf2 Bf5 31. Ra1 Bxb2 32. Bxb2 Rxb2 33. Qh4 Kg7 34. Nh2 Rh8 35. Qe1 Rxh3 0-1